International Commercial Arbitration : International conventions, country reports and Comperative analysis -A Handbook

محفوظ في:
التفاصيل البيبلوغرافية
المؤلف الرئيسي: Balthasar, Stephan (ed.)
التنسيق: كتاب
منشور في: Munchen ; Verlag C.H. Beck oHG c2021.
الطبعة:2nd ed.
الموضوعات:
الوسوم: إضافة وسم
لا توجد وسوم, كن أول من يضع وسما على هذه التسجيلة!

MARC

LEADER 00000nam a22000007a 4500
005 20260414151744.0
020 |a 9783406743832  |c TZS 443,000/= 
040 |a MCCL  |b eng.  |e AACR 2nd rev. ed. 
082 |a 341.522 INT 
100 |a Balthasar, Stephan (ed.) 
245 |a International Commercial Arbitration :  |b International conventions, country reports and Comperative analysis -A Handbook  |c Stephan Balthasar (ed.) 
250 |a 2nd ed. 
260 |a Munchen ;  |b Verlag C.H. Beck oHG  |c c2021. 
300 |a xxvii, 915 p. :  |b ill. ;  |c 25 cm. 
650 |a International Commercial Arbitration  
942 |c BK 
999 |c 12611  |d 12611